000 00486nam a22001817a 4500
005 20260205140609.0
008 260205b xxu||||| |||| 00| 0 eng d
020 _a9780670089369
_cRs.699.00
040 _aRBU-Library
041 _aEnglish
082 _a320.9
_bG942
100 _aGuha, Ramachandra
_91105
245 _aDemocrats and dissenters
260 _aGurgaon:
_bPenguin Books,
_cc2016
300 _a317p.
650 _aDemocracy-India
_9592
942 _cDB
999 _c123379
_d123379